000 00979nam a2200229 a 4500
001 000680613
003 AM-YeHGA
005 20250617161002.0
008 090901s1962 ai | |||||||||||||rus|d
040 _aAM-YeHGA
041 0 _arus
100 1 _aГалдин, М.В.
245 0 0 _aСпециальные комбайны /
_cМ.В. Галдин, Л.М. Кобыляков, Г.А. Мельников.
250 _a2-е изд., перераб и доп.
260 _aМосква :
_bИзд. Сельскохоз. литер., журналов и плакатов,
_c1962.
300 _a256 с. :
_bил., 1 вкл. сл. л. рис. ;
_c25 см.
504 _aБиблиогр. в подстроч. примеч.
650 1 4 _aСельскохозяйственные машины и орудия
_xУборочные машины и орудия
_xКомбайны
700 1 _aКобыляков, Л.М.
700 1 _aМельников, Г.А.
090 _c466885
999 _c463695
_d463695